000 01043nam a22003497a 4500
001 BR2010004891
003 BR-BrBNA
005 20230928103405.0
007 ta
008 230509b bl.||||| |||| 00| 0 por d
040 _aBR-BrBNA
_bpor
_cBiblioteca Nacional de Agricultura
041 _a(Por)
072 _aN01; Q03
090 _ N01 BR2010004891
100 1 _aBordignon, K.
100 1 _aSantos, M. de F.
100 1 _aOliveira, M.S. de
100 1 _aGentil, P.C.
100 1 _aLyra, T.M. de P.
110 1 _aUniversidade de Brasília, DF (Brasil). Faculdade de Ciências da Saúde
_910480
245 1 _aEstabelecimentos avícolas - biossegurança e frigorífico de aves - boas práticas de fabricação
260 3 _aBrasília, DF (Brasil):
_c[nd].
300 _avp.
500 _a32 ref.; 5 tables
650 _aINSTALAÇÃO PARA ANIMAL
650 _aFRIGORÍFICO
650 _aAVICULTURA
650 _aBIOSSEGURANÇA
650 _aENGENHARIA AGRÍCOLA
909 _a202309
_bLucia
_c55
_dLucia Elande
942 _cBK
999 _c74912
_d74912